[Rezension von: Saskia C. Quené, Goldgrund und Perspektive. Fra Angelico im Glanz des Quattrocento]
Saved in:
| Published in: | ArtHist.net (2024) vom: 19. Dez. |
|---|---|
| Main Author: | |
| Document Type: | Online Resource Article |
| Language: | German |
| Published: |
19.12.2024
|
| Subjects: | |
| Online Access: | kostenfrei |
| Related Items: | Enthalten in:
ArtHist.net Rezension von: Goldgrund und Perspektive |
| Author Notes: | rezensiert von Katharina Weiger |
| LEADER | 01581caa a2200349 c 4500 | ||
|---|---|---|---|
| 001 | 1914141962 | ||
| 003 | DE-627 | ||
| 005 | 20260419054100.0 | ||
| 007 | cr uuu---uuuuu | ||
| 008 | 250110s2024 xx |||||oo 00| ||ger c | ||
| 035 | |a (DE-627)1914141962 | ||
| 035 | |a (DE-599)KXP1914141962 | ||
| 035 | |a (OCoLC)1533754060 | ||
| 040 | |a DE-627 |b ger |c DE-627 |e rda | ||
| 041 | |a ger | ||
| 084 | |a KUNST |q DE-16 |2 fid | ||
| 100 | 1 | |a Weiger, Katharina |e VerfasserIn |0 (DE-588)1230930191 |0 (DE-627)1753285267 |4 aut | |
| 245 | 1 | 0 | |a [Rezension von: Saskia C. Quené, Goldgrund und Perspektive. Fra Angelico im Glanz des Quattrocento] |c rezensiert von Katharina Weiger |
| 264 | 1 | |c 19.12.2024 | |
| 300 | |b Illustrationen | ||
| 336 | |a Text |b txt |2 rdacontent | ||
| 337 | |a Computermedien |b c |2 rdamedia | ||
| 338 | |a Online-Ressource |b cr |2 rdacarrier | ||
| 655 | 7 | |a Rezension |0 (DE-588)4049712-4 |0 (DE-627)106186019 |0 (DE-576)209083166 |2 gnd-content | |
| 773 | 0 | 8 | |i Enthalten in |t ArtHist.net |d [Berlin] : arthist e.V., 2001 |g (2024) vom: 19. Dez. |h Online-Ressource |w (DE-627)777783886 |w (DE-600)2755110-6 |w (DE-576)40053021X |x 2750-5685 |7 nnas |
| 773 | 1 | 8 | |g year:2024 |g day:19 |g month:12 |
| 787 | 0 | 8 | |i Rezension von |a Quené, Saskia C., 1988 - |t Goldgrund und Perspektive |d Berlin : Deutscher Kunstverlag, 2022 |h 331 Seiten |w (DE-627)1806584557 |z 3422989382 |z 9783422989382 |
| 856 | 4 | 0 | |u https://arthist.net/reviews/43598 |x Verlag |z kostenfrei |3 Volltext |7 0 |
| 951 | |a AR | ||
| 994 | |u https://arthist.net/reviews/43598 | ||
| 991 | |a Rezension (Monographie, Zeitschrift, Aufsatz) | ||
| 999 | |a KXP-PPN1914141962 |e 4977218167 | ||


